| 000 | 00958cad a22002415a 4500 | ||
|---|---|---|---|
| 001 | L159110 | ||
| 008 | 150416s2016 xxk f 000 0 eng d | ||
| 035 | _a(Sirsi) u159110 | ||
| 041 | 0 | _aeng | |
| 050 | 0 | 4 | _a692.3 $2 18 |
| 100 | 1 | _aPugh, T. | |
| 240 | _aIPMS | ||
| 245 | 0 | 0 |
_aOn common ground _h[electronic resource] |
| 260 |
_aLondon _bRICS _c2016 |
||
| 490 | 0 |
_aRICS Building Control _vFebruary - March 2016, 5(1) |
|
| 520 | _aExplains why the International Property Measurement Standards (IPMS) will bring confidence to the market. Outlines the differences between the RICS Code of measuring practice and IPMS. | ||
| 650 | 2 | 4 | _aRICS CODE OF MEASURING PRACTICE |
| 650 | 2 | 4 | _aInternational Property Measurement Standards |
| 651 | 4 | _aInternational | |
| 690 |
_aMeasurement _96256 |
||
| 856 | 4 | 1 |
_uhttps://www.rics.org/Global/Building_Control_Journal_February_March_2016.pdf _zView the article free of charge at www.rics.org/journals... |
| 942 | _n0 | ||
| 999 |
_c84805 _d84805 |
||